000 00426nam a2200181Ia 4500
001 8051
005 20260306160540.0
008 260306t2016||||xx |||||||||||||| ||spa||
041 _aESP
082 _a370.1
_bF38
100 _aFermoso Estébanez, Paciano
_eAUT
245 0 _aTeoría de la educación
260 _c2016
300 _a506 páginas :
_c23 cm.
650 _aGEN
654 _aCED
942 _cLIB
_dJUS
_fJUS
_2ddc
_n
999 _c8051
_d8051